00492nam a2200193 a 4500001001300000003000900013005001700022008004100039020001100080082001700091100003300108245002000141260003500161300000800196500003500204505001000239650001600249700003300265nice12345678IN_TiNIC20260116011932.0050524s1958 dela grp 000 0 urd  ac0.3700a891.41bMUN4 aMunawwar, Basheshwar Prashad aGajendre Mukhsh aDelhibAdarsh Kitab Gharc1958 a32p aincludes index and biblioraphy2 aNotes aUrdu-Poetry1 aMunawwar, Basheshwar Prashad